| 000 | 00357nam a2200133Ia 4500 | ||
|---|---|---|---|
| 008 | 231017s9999 xx 000 0 und d | ||
| 082 | _a625.85 | ||
| 082 | _bCRO | ||
| 245 | 0 | _aDetermination of Ndesign for CIR Mixtures using the Superpave Gyratory Compactor | |
| 245 | 0 | _cStephen A. Cross | |
| 260 | _bStephen A. Cross | ||
| 300 | _c30cm | ||
| 942 | _cREP | ||
| 999 |
_c604669 _d604669 |
||